00694cam a2200217 a 450000100100000000500170001000800410002702000150006803500190008304000350010208200210013724500380015826000610019630000280025749000190028565000360030465100440034065000300038471000410041483000210045500001432520240604202930.0870202s1986 sw a b 000 0 eng d a9187134012 a(DLC) 87108739 aDO-SdBNPbengcDLCdDLCdBNPHU a336.34358bD288c04aThe Debt crisis in Latin America. aStockholm :bInstitute of Latin American Studies,c1986. a199 p. :bil. ;c22 cm.1 aMonographsv13 4aDeuda externazAmérica Latina 4aAmérica LatinaxRelaciones Exteriores 0aFinanzas internacionales 1 aLatinamerika-institutet i Stockholm. 0aMonographs ;v13